000 00411 a2200157 4500
005 20240506165916.0
010 _aB-758869
035 _aB-758869
037 _bGift/Unesco
082 _a362.76
245 _aChild Protection/
260 _bUnicef
_c2004
300 _a162 p.;
_c22cm. (pbk)
942 _adpl
_cEN
_2ddc
_h362.76
_mCHI
999 _c202713
_d202713